| 000 | 00831nam a22002057a 4500 | ||
|---|---|---|---|
| 999 |
_c13351 _d13351 |
||
| 003 | AR-CdUCM | ||
| 008 | 190415b ||||| |||| 00| 0 spa d | ||
| 040 |
_aMUNICIPALIDAD PROVINCIAL DEL CUSCO _cBIBLIOTECA MUNICIPAL DEL CUSCO |
||
| 082 |
_aC / 900 / _bO44 / 1961 |
||
| 100 |
_aOliart G, Carlos F. _931725 |
||
| 245 | _aComo y quienes fundaron la primera fabrica de tejidos de lana en el Perú / | ||
| 260 |
_aCuzco : _bGarsilaso, _c1961. |
||
| 300 |
_a48 páginas ; _c21 cm. _bIlustraciones, fotografías, retratos. |
||
| 505 | _aContenido : Antecedentes -- Descripción de la maquinaria -- Se inician las obras -- Islay Lucre -- La fabrica Lucre a travez de los 100 años ... | ||
| 650 |
_aHistoria _943915 |
||
| 650 |
_aFabrica de tejidos _931726 |
||
| 650 |
_aLucre _96072 |
||
| 942 |
_2ddc _cLIBROS |
||
| 945 |
_arah _d15/04/2019 |
||